| 000 | 00594nac a22001571u 4500 | ||
|---|---|---|---|
| 020 | _a1893115550 | ||
| 082 |
_a005.2768 _bF879 |
||
| 090 |
_c436 _d436 |
||
| 100 | _aFrenz, Christopher M. | ||
| 245 |
_aVisual basic and visual basic.net for scientists and engineers/ _cChristopher M. Frenz |
||
| 650 | _aMicrosoft Visual BASIC | ||
| 650 | _aBASIC (Computer program language) | ||
| 650 | _aMicrosoft .NET. | ||
| 942 |
_cBB _k005.2768F879 |
||
| 999 |
_c436 _d436 |
||